000 01037cam a2200265 a 4500
005 20161117121622.0
008 140620s2010 xxuad frb 001 0 eng d
020 _a9780691137988
020 _a9780691137995
040 _aCO-BoUCM
_bspa
_cSaul Niño (Modificó)
_dJose A. Gerena
041 0 _aeng
100 1 _aGreenhalgh, Christine
_962537
245 1 0 _aInnovation, intellectual property and economic growth
_cChristine Greenhalgh, Mark Rogers
260 _aPrinceton (Nueva Jersey, Estados Unidos)
_bPrinceton University press
_c2010
300 _axvi, 366 páginas
_bilustraciones, gráficas
504 _aIncluye referencias bibliográficas e índices
650 7 _aDesarrollo tecnológico
_912993
_xAspectos económicos
650 7 _aDesarrollo económico
_912956
650 7 _aPropiedad intelectual
_922585
650 7 _aDifusión de innovaciones
_913263
690 _942795
_aEconomía
700 1 _aRogers, Mark
_d1964-
_962538
942 _a7
_cLIBROREF
_e1
_mG813
_2DEWEY
_h338.9
999 _c242861
_d242861